Loreto College Library, Kolkata
WEBOPAC (ONLINE PUBLIC ACCESS CATALOGUE)

Tales of shipwreck (Record no. 33580)

MARC details
000 -LEADER
fixed length control field 00461nam a2200181Ia 4500
008 - FIXED-LENGTH DATA ELEMENTS--GENERAL INFORMATION
fixed length control field 131103s9999 xx 000 0 und d
040 ## - CATALOGING SOURCE
Original cataloging agency Loreto College
041 ## - LANGUAGE CODE
Language code English
082 ## - DDC | ডিউই
Classification number | বর্গসংখ্যা REF3
Book Number | গ্রন্থাঙ্ক LCBED/2692
100 ## - MAIN ENTRY--PERSONAL NAME | মুখ্য সংলেখ - ব্যাক্তিনাম
Personal name | ব্যাক্তিনাম Jerrome, Edward G.
245 ## - TITLE STATEMENT | অাখ্যা বিবরণী
Title | অাখ্যা Tales of shipwreck
Statement of responsibility | লেখকের দায়িত্বের বিবরণ Edward G.Jerrome
260 ## - IMPRINT | প্রকাশনা ক্ষেত্র
Place of publication | প্রকাশ স্থান London
Name of publisher | প্রকাশকের নাম Blackie
Date of publication | প্রকাশ কাল 1959
300 ## - PHYSICAL DESCRIPTION |
Page / Vol. No | পৃষ্ঠা / খন্ড সংখ্যা 25p.
Other physical details | অনান্য বাহ্যিক বিবরণ pic.
440 ## - SERIES STATEMENT |গ্রন্থমালা
Series Title | গ্রন্থমালা অাখ্যা True Adventure Series
650 ## - SUBJECT ADDED ENTRY--TOPICAL TERM | বিষয় শিরোনাম - মূল বিষয়
Topical term | মূল বিষয় REF
850 ## - HOLDING INSTITUTION
Holding institution LCBED/REF
942 ## - ADDED ENTRY ELEMENTS (KOHA)
Koha item type Books
Holdings
Withdrawn status Lost status Damaged status Not for loan Home library Current library Date acquired Total Checkouts Full call number Accession No. Date last seen Price effective from Koha item type
        Loreto College Loreto College 04/11/2013   REF3 LCBED/2692 B36436 04/11/2013 04/11/2013 Books